00977cam a22002894a 45000010005000000030006000050050017000110080041000280100017000690200031000860200018001170400023001350500017001580820010001751000032001852450096002172600058003133000056003714900023004275040051004505050007005015200063005085210028005715210018005996500034006177000036006516421FISKH20250502093829.0110301s2012 mnua b 001 0 eng  a 2011003903 a9781617417375 (alk. paper) a9780916119416 aDLCcDLCdDLCbeng aQC981.3 .W49 a551.51 aWilliams, Rozanne Lanczak 10aWhat's the weather like today? /cby Conrad J. Storad ; science content editor, Kristi Lew. aHuntington Beach : bCreative Teaching Press, c1994. a16 pages : bcolor illustrations ; c16 x​ 23 cm 0 aMy science library aIncludes bibliographical references and index. aD  aDiscusses the weather and how it can vary from day to day.8 a160 bLexile estimate 8 aD bRaz-Plus  0aWeathervJuvenile literature. aSecheret, Jessicaeillustrator